Predposylki pod'jema. (K itogam vsesojuznogo sobranija rukovoditelej gosudarstvennych predprijatij).

Potreba obmedzenia špekulatívnych zdrojov a príjmov. Absencia štruktúrnej politiky a destabilizácia národného hospodárstva ekonomickou politikou štátu. Problémy spojenia stabilizácie s privatizáciou. Vzťah plánovania a stabilizácie. Možnosti obnovy regulovateľnosti hospodárstva.

Na minha lista:
Detalhes bibliográficos
Autor principal: Gubanov, S.
Formato: Capítulo de Livro
Idioma:russo
Assuntos:
Tags: Adicionar Tag
Sem tags, seja o primeiro a adicionar uma tag!

MARC

LEADER 00000naa a2200000 4500
001 r003451
005 20221130103806.2
041 0 |a rus 
044 |a [SU] 
245 1 0 |a Predposylki pod'jema. (K itogam vsesojuznogo sobranija rukovoditelej gosudarstvennych predprijatij).  |c S. Gubanov 
520 |a Potreba obmedzenia špekulatívnych zdrojov a príjmov. Absencia štruktúrnej politiky a destabilizácia národného hospodárstva ekonomickou politikou štátu. Problémy spojenia stabilizácie s privatizáciou. Vzťah plánovania a stabilizácie. Možnosti obnovy regulovateľnosti hospodárstva. 
610 2 0 |a rast hospodársky 
610 2 0 |a ZSSR 
610 2 0 |a politika hospodárska 
610 2 0 |a plánovanie 
610 2 0 |a stabilizácia hospodárstva 
610 2 0 |a privatizácia 
610 2 0 |a regulácia hospodárska 
610 2 0 |a kriminalita hospodárska 
100 1 |a Gubanov, S.